00943nam a2200229 a 450000100100000000500170001000800410002704000250006808200220009310000340011524000640014924501070021325000110032026000560033130000270038749000280041450400740044253401080051650400320062470000270065683000300068300002281820200930021820.0101118s1968 ag a r 000 0 spa d aDO-SdBNPbspacBNPHU annnnbB365b, 19681 aBeadle, George W.,d1903-198914aThe physical and chemical basis of inheritance.lEspañol.14aLas bases físicas y químicas de la herencia /cGeorge W. Beadle ; traducción de Jorge E. Wright. a6a ed. aBuenos Aires :bUniversidad de Buenos Aires,c1968. a59 p. :bil. ;c25 cm.1 aCuardernos de EUDEBAv1 aIncluye referencias bibliográficas y notas al pie de las páginas. pTítulo original en inglés:tThe physical and chemical basis of inheritance.cCondon Lectures, 1957. aBibibliografía: (55-[58])1 aWright, Jorge E.,etr. 0aCuardernos de EUDEBA ;v1